PRÍRODNÉ ZEOLITY AKO REMEDIAČNÝ MATERIÁL PRE KONTAMINOVANÉ PÔDY A SEDIMENTY

Podrobná bibliografia
Hlavní autori: Šestinová, Oľga (Autor), Fedorová, Erika (Autor), Remiášová, Jarmila (Autor), Hančuľák, Jozef (Autor), Reháková, Mária, 1948-2023 (Autor), Dolinská, Silvia (Autor), Špaldon, Tomislav (Autor)
Médium: Článok
Jazyk:slovenčina
ISBN:9788097003425

MARC

LEADER 00000naa a2200000uu 4500
001 vtls011078203
003 SK-MaSNL
005 20260302142331.0
008 210905|2010 xo |||||||||||||||||slo|
015 |a SNBRA 
035 |a (urnnbn)urn:nbn:sk:snk:ar-a0cg9f 
035 |a (uuid)b887f694-abd0-4ee8-9d90-2f136c2930b8 
035 |a urn:nbn:sk:snk-aavmcc 
040 |a SNKBUCL  |b slo  |c SNKBUCL  |e AACR2 
041 0 |a slo 
044 |a xo  |c SK 
100 1 |a Šestinová, Oľga  |4 aut  |9 566588 
245 1 0 |a PRÍRODNÉ ZEOLITY AKO REMEDIAČNÝ MATERIÁL PRE KONTAMINOVANÉ PÔDY A SEDIMENTY  |c Oľga Šestinová, Erika Fedorová, Jarmila Remiášová, Jozef Hančuľák, Mária Reháková, Silvia Dolinská, Tomislav Špaldon 
246 3 |a NATURAL ZEOLITE AS REMEDIATION MATERIAL FOR THE CONTAMINATED SOILS AND SEDIMENTS 
700 1 |a Fedorová, Erika  |4 aut  |9 566587 
700 1 |a Remiášová, Jarmila  |4 aut  |9 781826 
700 1 |a Hančuľák, Jozef  |4 aut  |9 58857 
700 1 |a Reháková, Mária,  |d 1948-2023  |4 aut  |9 246387 
700 1 |a Dolinská, Silvia  |4 aut  |9 333901 
700 1 |a Špaldon, Tomislav  |4 aut  |9 771684 
773 0 |t Situácia v ekologicky zaťažených regiónoch Slovenska a strednej Európy  |d Košice : Slovenská banícka spoločnosť ZSVTS ; Košice : Základná organizácia pri Ústave geotechniky SAV, 2010  |g S. 134-138  |z 9788097003425 
958 |a OND 
958 |a article12 
958 |a chapter 
999 |c 1339021  |d 1340951